=LDR 00000nam 2200000 4500 =001 NUTBA000000000000014 =005 20140313163125.0 =006 =007 =008 =035 ##$$a 0010-031400000000013 =100 ##$$a Kardiman Akh =245 ##$$a Essential Englisj Grammar =260 ##$$a Pustaka Perlajar Ofset =300 ##$$a 496